Strzelcy w finale UCL - Statystyki

Ogólne statystyki
  • Ten quiz został rozwiązany 73 razy
  • Średni wynik to 33 z 71
Statystyki odpowiedzi
Rok: Strzelec: % Poprawnych
2017 Cristiano Ronaldo
95%
2017 Cristiano Ronaldo
95%
2014 Cristiano Ronaldo
95%
2008 Cristiano Ronaldo
95%
2011 Lionel Messi
93%
2009 Lionel Messi
93%
2018 Karim Benzema
85%
2025 Desire Doue
82%
2025 Desire Doue
82%
2015 Neymar
80%
2018 Gareth Bale
76%
2018 Gareth Bale
76%
2014 Gareth Bale
76%
2015 Luis Suarez
75%
2019 Mohamed Salah
71%
2016 Sergio Ramos
69%
2014 Sergio Ramos
69%
2024 Vinicius Junior
64%
2020 Kingsley Coman
62%
2023 Rodri
62%
2018 Sadio Mane
58%
2021 Kai Havertz
55%
2013 Arjen Robben
53%
2024 Dani Carvajal
53%
2025 Achraf Hakimi
49%
2017 Mario Mandzukic
49%
2013 Mario Mandzukic
49%
2012 Didier Drogba
45%
2005 Xabi Alonso
45%
2002 Zinedine Zidane
45%
2019 Divock Origi
44%
2005 Steven Gerrard
44%
2012 Thomas Muller
44%
2005 Paolo Maldini
42%
2011 Wayne Rooney
42%
2017 Casemiro
40%
2014 Marcelo
38%
2025 Senny Mayulu
38%
2015 Alvaro Morata
36%
2011 David Villa
36%
2010 Diego Milito
36%
2010 Diego Milito
36%
2007 Filippo Inzaghi
36%
2007 Filippo Inzaghi
36%
2015 Ivan Rakitic
36%
2011 Pedro
36%
2009 Samuel Eto'o
36%
2006 Samuel Eto'o
36%
2025 Khvicha Kvaratskhelia
35%
2014 Diego Godin
33%
2008 Frank Lampard
33%
2005 Hernan Crespo
33%
2005 Hernan Crespo
33%
2013 Ilkay Gundogan
31%
2017 Marco Asensio
29%
2002 Raul
29%
2000 Raul
29%
2004 Deco
27%
2005 Vladimir Smicer
25%
2022 Vinicius Junior
24%
2016 Yannick Carrasco
24%
2006 Juliano Belletti
22%
2006 Sol Campbell
20%
2007 Dirk Kuyt
16%
2000 Fernando Morientes
15%
2002 Lucio
11%
2004 Carlos Alberto
7%
2001 Gaizka Mendieta
5%
2001 Stefen Effenberg
5%
2000 Steve McManaman
5%
2004 Dimitri Alenichev
2%
Nie znaleziono quizów pasujących do podanych kryteriów
Rozkład punktacji
Procent ludzi z każdym wynikiem
Percentyl według liczby udzielonych odpowiedzi
Twoja historia wyników
Nie rozwiązałeś tego quizu